Sports Quiz

Random Sports or MLB Quiz
Score 0/29 Timer 08:00
6 Plays Today
Postion Player % Correct
OFBarry Bonds
97.8%
OFWillie Mays
91%
OFKen Griffey Jr.
85.5%
CIvan Rodriguez
82.9%
3BMike Schmidt
77%
CJohnny Bench
68.7%
3BBrooks Robinson
67.2%
SSDerek Jeter
57.6%
OFAndruw Jones
57.5%
3BAdrián Beltré
44.9%
2BRyne Sandberg
40.6%
2BJoe Morgan
38.1%
OFCarl Yastrzemski
34.3%
OFAl Kaline
32.2%
OFAndre Dawson
31.2%
Postion Player % Correct
OFJim Edmonds
30.1%
3BScott Rolen
28.9%
OFDale Murphy
28.1%
OFDave Winfield
27.9%
OFTorii Hunter
27.4%
OFDwight Evans
24.5%
OFLarry Walker
24.1%
3BRon Santo
23.7%
1BMark Teixeira
17.1%
3BRobin Ventura
10.1%
3BKen Boyer
9.3%
3BEric Chavez
7.9%
OFSteve Finley
7.6%
1BGeorge Scott
5.6%

You're not logged in!

Compare scores with friends on all Sporcle quizzes.
OR
Log In

Sporcle TV

Today on Sporcle TV


Watch our educational content, quiz creation guides, and fun videos on Sporcle TV.

Show Comments

Extras

Top Quizzes Today


Score Distribution

Paid Content

Your Account Isn't Verified!

In order to create a playlist on Sporcle, you need to verify the email address you used during registration. Go to your Sporcle Settings to finish the process.

Report this User

Report this user for behavior that violates our Community Guidelines.

Details: